LEADER 01365nam a2200289 u 4500 001 000000116439 003 CaOOAMICUS 005 20120313143942.0 008 090624s2009 it u000 u ita r 020 $z978-88-495-1752-1* 040 $aPUL$bita$dLDB 100 1 $aTatarano, Giovanni.$0(OLS)http://pul/name/72319 245 10$aCondizione e modus /$cGiovanni Tatarano, Carmine Romano. 260 $aNapoli :$bEdizioni scientifiche italiane,$cc2009. 300 $axi, 467 p.$c24 cm 490 1 $aTrattato di diritto civile del Consiglio Nazionale del Notariato.$a4, Autonomia negoziale ;$v02 500 $aContiene indici. 504 $aBibliografia in nota. 650 4$aContratti commerciali$xClausole.$0(OLS)http://pul/subject/25966 700 1 $aRomano, Carmine.$0(OLS)http://pul/name/72320 830 0$aTrattato di diritto civile del Consiglio Nazionale del Notariato.$n4,$pAutonomia negoziale ;$v02.$0(OLS)http://pul/title/137406 850 $aPUL 852 $aPUL$W1$xSL Diritto e Scienze Sociali 3$y79$m346. 45 COLL 3.4,2$j133453$qDDC 21$B132484$CPULBib$Z2$F132484 $H110673 $82 941 1 $a9 996 $6020$z978-88-495-1752-1*$9(OLS)http://pul/number/141299 996 $6245$aCondizione e modus$9(OLS)http://pul/title/146327 996 $6260$aNapoli :$bEdizioni scientifiche italiane$9(OLS)http://pul/publisher/48388 LEADER 01177nam a2200253 a 4500 001 000000142281 003 CaOOAMICUS 005 20150316104951.0 008 150316m19691970it u000 u ita r 040 $aPUL$bita 100 1 $aMaccarrone, Michele,$csac.,$d1910-1993.$0(OLS)http://pul/name/6448 245 13$aLa chiesa nella società cristiana del Medio Evo (VII-XIV secolo) :$bstoria ecclesiastica /$cprof. Michele Maccarrone. 260 $a[S.l. :$bs.n.],$c1969-1970. 300 $aV, 353 p. ;$c29 cm 500 $a"Dispensa dattiloscritta per l'anno accademico 1969-1970". 500 $aIn testa al front.: Pontificia Università Lateanense. Facoltà di S. Teologia. 504 $aBibliografia in nota. 650 4$aChiesa$xStoria$ySec. VII-XIV.$0(OLS)http://pul/subject/41401 850 $aPUL 852 $aPUL$W1$xDP1 Fondo Maccarrone$y58$m1507 E 41$j164165$qFondi$B164300$CPULBib$Z2$F164300 $H125555 $82 941 1 $a1 996 $6245$aLa chiesa nella società cristiana del Medio Evo (VII-XIV secolo) :$bstoria ecclesiastica$9(OLS)http://pul/title/180096 996 $6260$a[S.l. :$bs.n.]$9(OLS)http://pul/publisher/81594